| 000 | 00543nam a2200169Ia 4500 | ||
|---|---|---|---|
| 999 |
_c22414 _d22414 |
||
| 082 | _aTL.0060 | ||
| 100 | _aLakshmi Sree, E. | ||
| 245 | 0 | _aTry-out of integration of population education in B.Ed., curriculum : An experiment | |
| 260 |
_c1995 _bSri Padmavathi Mahila University |
||
| 300 | _a2V. v.p. + C D - 40 | ||
| 650 | _aBACHELOR OF EDUCATION - CURRICULA | ||
| 650 | _aPOPULATION - STUDY AND TEACHING | ||
| 650 | _aEDUCATION - GRADUATE WORK | ||
| 650 | _aB.ED.//BACHELOR OF EDUCATION | ||
| 710 | _aSatyavati, A. | ||
| 942 |
_cTH _2ddc |
||